[Event "Let's Play Chess!"]
[Site "http://www.queenalice.com/game.php?id=542215"]
[Date "2009.2.18"]
[Round "-"]
[White "charles31"]
[Black "svf"]
[Result "0-1"]
[WhiteElo "1776"]
[BlackElo "1959"]

1. b3 d5 2. d4 e6 3. e3 Nf6 4. Bd3 Nc6 5. Nf3 Bd6 6. Bb2 Bd7 7. Nbd2 Nb4 8. a3
Nxd3+ 9. cxd3 O-O 10. Qe2 Qe7 11. O-O Rac8 12. e4 dxe4 13. dxe4 Bf4 14. e5 Nd5
15. g3 Bxd2 16. Qxd2 Rfd8 17. Rfe1 Bc6 18. Qd3 Rf8 19. Bc1 f5 20. h4 Qe8 21. Bg5
Qh5 22. Nh2 Qf7 23. f3 f4 24. Qd2 fxg3 25. Ng4 Qxf3 26. Rf1 Qxg4 27. Ra2 Rxf1+
28. Kxf1 Qf3+ 29. Kg1 Ne3 30. Bxe3 Qh1# 0-1

[Event "Let's Play Chess!"]
[Site "http://www.queenalice.com/game.php?id=542216"]
[Date "2009.2.18"]
[Round "-"]
[White "svf"]
[Black "charles31"]
[Result "1-0"]
[WhiteElo "1986"]
[BlackElo "1776"]

1. e4 e5 2. Nf3 d6 3. d4 exd4 4. Nxd4 h6 5. Nc3 Nf6 6. Bf4 a6 7. Be2 Bd7 8. O-O
Nc6 9. Nxc6 Bxc6 10. Bf3 g5 11. e5 Bxf3 12. Qxf3 gxf4 13. exf6 Qxf6 14. Qxb7 Qd8
15. Qc6+ Ke7 16. Nd5+ Ke6 17. Nxc7+ Kf6 18. Nxa8 Be7 19. Nc7 Rg8 20. Nd5+ Kg7
21. Nxf4 Kh7 22. Qxa6 Qd7 23. Qd3+ Kg7 24. Nd5 Bg5 25. Qd4+ Kf8 26. Rad1 Qd8 27.
Rfe1 f6 28. h4 Bxh4 29. Qxh4 Rg6 30. Nf4 1-0

[Event "Let's Play Chess!"]
[Site "http://www.queenalice.com/game.php?id=542222"]
[Date "2009.2.18"]
[Round "-"]
[White "svf"]
[Black "charles31"]
[Result "1-0"]
[WhiteElo "1743"]
[BlackElo "1761"]

1. e4 e5 2. Nf3 d6 3. d4 exd4 4. Nxd4 Bd7 5. Nc3 Nc6 6. Nxc6 Bxc6 7. Bc4 h6 8.
O-O Qd7 9. Qd3 O-O-O 10. Qd4 Nf6 11. Qxa7 b5 12. Bxb5 Re8 13. Qa6+ Kd8 14. Bxc6
Qc8 15. Qxc8+ Kxc8 16. a4 Re5 17. a5 d5 18. a6 Bc5 19. a7 Bxa7 20. Rxa7 Nd7 21.
Bf4 Re6 22. Rxc7+ 1-0

[Event "Challenge"]
[Site "http://www.queenalice.com/game.php?id=542313"]
[Date "2009.2.18"]
[Round "-"]
[White "sioux"]
[Black "svf"]
[Result "1-0"]
[WhiteElo "1729"]
[BlackElo "2095"]

1. e4 c5 2. d3 Nc6 3. c4 e6 4. g3 Nf6 5. Nf3 d5 6. Bg5 dxe4 7. dxe4 Qxd1+ 8.
Kxd1 Nxe4 9. Be3 e5 10. Bd3 Nc3+ 11. Nxc3 Bg4 12. Be2 Bf5 13. Nb5 O-O-O+ 14. Ke1
Be7 15. a3 Rhe8 16. b4 a6 17. Nc3 cxb4 18. axb4 Bxb4 19. Bd2 Rxd2 20. Kxd2 Rd8+
21. Ke3 Bc5+ 22. Nd4 exd4+ 23. Kf4 1-0

[Event "Let's Play Chess!"]
[Site "http://www.queenalice.com/game.php?id=542357"]
[Date "2009.2.18"]
[Round "-"]
[White "svf"]
[Black "Givanildo"]
[Result "1-0"]
[WhiteElo "1500"]
[BlackElo "1428"]

1. e4 e5 2. Nf3 Nc6 3. Bb5 Bc5 4. c3 Nf6 5. O-O Nxe4 6. Qe2 f5 7. d3 Nd6 8. Bxc6
dxc6 9. Qxe5+ Qe7 10. Qxc5 Nf7 11. Re1 Be6 12. Qxe7+ Kxe7 13. Nd4 Kd7 14. Nxe6
b6 15. Nxg7 Nd6 16. Bg5 Kc8 17. Re7 h6 18. Bf4 Nb5 19. Na3 Kd8 20. Rae1 Nd6 21.
Bxd6 Kc8 22. Rxc7+ Kd8 23. Ree7 Rc8 24. Ne6# 1-0

[Event "Let's Play Chess!"]
[Site "http://www.queenalice.com/game.php?id=542405"]
[Date "2009.2.18"]
[Round "-"]
[White "Granger2009"]
[Black "svf"]
[Result "0-1"]
[WhiteElo "2004"]
[BlackElo "1847"]

1. d4 d5 2. Bg5 h6 3. Bh4 c6 4. Nc3 Qb6 5. Rb1 Nf6 6. Bxf6 exf6 7. e3 Bb4 8. Bd3
c5 9. dxc5 Bxc3+ 10. bxc3 Qxc5 11. Ne2 a6 12. O-O Nc6 13. Re1 O-O 14. Qd2 f5 15.
Nd4 b5 16. Nxf5 Bxf5 17. Bxf5 Rad8 18. Rbd1 d4 19. Bd3 dxc3 20. Qe2 Nb4 21. a3
Nxd3 22. Rxd3 Qxa3 23. Red1 Rxd3 24. Rxd3 b4 25. Qd1 a5 26. h4 Kh7 27. h5 a4 28.
Rd7 f5 29. Qd6 Qc1+ 30. Kh2 Rg8 31. Qg6+ Kh8 32. Qxf5 b3 33. cxb3 axb3 34. Rd6
Qc2 35. Qe5 Kh7 36. f4 b2 37. e4 Qb3 38. Qf5+ Kh8 39. Qe5 Ra8 40. Rxh6+ Kg8 41.
Rg6 Qf7 42. f5 b1=Q 43. g3 Qfa2+ 44. Kh3 Qh1+ 45. Kg4 Qe2+ 46. Kf4 Qc1# 0-1

[Event "AUTO-OPEN-1447"]
[Site "http://www.queenalice.com/game.php?id=542903"]
[Date "2009.2.19"]
[Round "1"]
[White "lutarmada"]
[Black "svf"]
[Result "0-1"]
[WhiteElo "2055"]
[BlackElo "2013"]

1. d4 d5 2. c4 c6 3. Nc3 Nf6 4. cxd5 cxd5 5. Bg5 Ne4 6. Nxe4 dxe4 7. g3 Qd5 8.
Bf4 e3 9. Nf3 Qa5+ 10. Nd2 exd2+ 11. Qxd2 Qxd2+ 12. Bxd2 Nc6 13. d5 Nd4 14. Rc1
e6 15. Bg2 exd5 16. Bxd5 Be6 17. Bxe6 Nxe6 18. O-O Bc5 19. b4 Bb6 20. a4 O-O 21.
a5 Rfd8 22. Bc3 Bd4 23. e3 Bxc3 24. Rxc3 Rd2 25. Rfc1 f5 26. R3c2 Rad8 27. Rc8
Kf7 28. Rxd8 Rxd8 29. Ra1 Rd2 30. a6 bxa6 31. Rxa6 Rd7 32. Ra5 Kf6 33. Ra6 Rb7
34. Kg2 g5 35. f4 h6 36. Kf3 g4+ 37. Kf2 Rxb4 38. Rxa7 Rb2+ 39. Kg1 Rb3 40. Kf2
Nc5 41. Ra2 Ne4+ 42. Ke2 Nc3+ 0-1

[Event "AUTO-OPEN-1447"]
[Site "http://www.queenalice.com/game.php?id=542904"]
[Date "2009.2.19"]
[Round "1"]
[White "svf"]
[Black "lutarmada"]
[Result "1-0"]
[WhiteElo "2067"]
[BlackElo "2062"]

1. e4 c5 2. Nf3 d6 3. d4 cxd4 4. Nxd4 Nc6 5. Nc3 g6 6. Be3 Bg7 7. Qd2 Nf6 8. f4
Ng4 9. Bg1 O-O 10. h3 Nh6 11. O-O-O Bd7 12. g4 Kh8 13. g5 Ng8 14. Be2 f5 15. h4
fxe4 16. h5 gxh5 17. Bxh5 Be8 18. Ne6 Qc8 19. Bg4 Bd7 20. Nxf8 Bxf8 21. Bxd7
Qxd7 22. Qd5 e6 23. Qxe4 d5 24. Qg6 Re8 25. f5 d4 26. Bxd4+ 1-0

[Event "AUTO-OPEN-1447"]
[Site "http://www.queenalice.com/game.php?id=542925"]
[Date "2009.2.19"]
[Round "1"]
[White "Chazam"]
[Black "svf"]
[Result "0-1"]
[WhiteElo "1592"]
[BlackElo "2095"]

1. e4 e5 2. Nf3 Nc6 3. Nc3 Nf6 4. g3 d5 5. exd5 Nxd5 6. Nxd5 Qxd5 7. Bg2 e4 8.
Qe2 Nb4 9. d3 Nxc2+ 10. Qxc2 exf3 11. Bf1 Bf5 12. Be3 Bb4+ 13. Kd1 O-O 14. a3
Bd6 15. Kd2 b5 16. h3 c5 17. b3 Rac8 18. a4 c4 19. bxc4 bxc4 20. Qa2 Be5 21. d4
Bxd4 22. Bxd4 Rfe8 23. Kc3 Qa5+ 24. Kb2 Qb4+ 25. Kc1 Re1# 0-1

[Event "AUTO-OPEN-1447"]
[Site "http://www.queenalice.com/game.php?id=542926"]
[Date "2009.2.19"]
[Round "1"]
[White "svf"]
[Black "Chazam"]
[Result "1-0"]
[WhiteElo "1959"]
[BlackElo "1538"]

1. e4 e5 2. Nf3 Nc6 3. Bb5 Qf6 4. Nc3 Nge7 5. O-O a6 6. Bxc6 Nxc6 7. d4 exd4 8.
Nd5 Qg6 9. Nxc7+ Kd8 10. Nxa8 Qxe4 11. Re1 Qd5 12. Re8+ Kxe8 13. Nc7+ 1-0

[Event "AUTO-OPEN-1447"]
[Site "http://www.queenalice.com/game.php?id=542939"]
[Date "2009.2.19"]
[Round "1"]
[White "svf"]
[Black "njwton"]
[Result "0-1"]
[WhiteElo "2052"]
[BlackElo "1756"]

1. d4 d5 2. Nf3 Nc6 3. c4 e6 4. e3 Nf6 5. Nc3 Bb4 6. Qa4 Bd7 7. Qc2 O-O 8. Bd2
b6 9. a3 Bd6 10. Nb5 a6 11. Nxd6 cxd6 12. cxd5 Nxd5 13. Bd3 f5 14. e4 fxe4 15.
Bxe4 Nf6 16. Bg5 g6 17. Bxf6 Qxf6 18. Bxc6 Rac8 19. d5 exd5 20. Bxd5+ Be6 21.
Qb3 Rfe8 22. O-O Bxd5 23. Qxd5+ Re6 24. Nd4 Rc5 0-1

[Event "AUTO-OPEN-1447"]
[Site "http://www.queenalice.com/game.php?id=542940"]
[Date "2009.2.19"]
[Round "1"]
[White "njwton"]
[Black "svf"]
[Result "0-1"]
[WhiteElo "1732"]
[BlackElo "2047"]

1. d4 d5 2. Nf3 e6 3. e3 Nf6 4. Nc3 c5 5. Be2 Nc6 6. O-O Bd7 7. b3 a6 8. Bb2
cxd4 9. Nxd4 Bd6 10. Bf3 Qc7 11. g3 O-O 12. e4 Nxd4 13. Qxd4 Rac8 14. Rac1 Be5
15. Qd3 Bxc3 16. Bxc3 Bb5 17. Qd4 Qxc3 18. Qxc3 Rxc3 19. Rfe1 Rxf3 20. Re3 Rxe3
21. fxe3 Nxe4 22. c4 dxc4 23. bxc4 Rc8 24. Rd1 Bxc4 0-1

[Event "Let's Play Chess!"]
[Site "http://www.queenalice.com/game.php?id=543301"]
[Date "2009.2.20"]
[Round "-"]
[White "Aguinaldo"]
[Black "svf"]
[Result "0-1"]
[WhiteElo "1948"]
[BlackElo "2007"]

1. e4 c5 2. Nf3 d6 3. Bb5+ Bd7 4. Qe2 g6 5. Nc3 Bg7 6. Nd5 Nf6 7. Bxd7+ Nbxd7 8.
Nxf6+ Bxf6 9. c3 g5 10. O-O g4 11. Ne1 h5 12. d3 Rg8 13. Be3 Qb6 0-1

[Event "Let's Play Chess!"]
[Site "http://www.queenalice.com/game.php?id=543304"]
[Date "2009.2.20"]
[Round "-"]
[White "svf"]
[Black "Aguinaldo"]
[Result "1-0"]
[WhiteElo "2041"]
[BlackElo "1948"]

1. e4 e5 2. Nf3 d6 3. Bc4 Bg4 4. Nc3 c6 5. h3 Bxf3 6. Qxf3 Qf6 7. Qg3 b5 8. Nxb5
cxb5 9. Bd5 Be7 10. Bxa8 Nh6 11. Qd3 O-O 12. Qxb5 1-0

[Event "Challenge"]
[Site "http://www.queenalice.com/game.php?id=544070"]
[Date "2009.2.21"]
[Round "-"]
[White "svf"]
[Black "chuckvondra"]
[Result "0-1"]
[WhiteElo "2069"]
[BlackElo "2044"]

1. e4 c5 2. Nf3 Nc6 3. d4 cxd4 4. Nxd4 e5 5. Nb5 Nf6 6. N1c3 a6 7. Nd6+ Bxd6 8.
Qxd6 Qe7 9. Qxe7+ Nxe7 10. Bg5 Nfg8 11. Rd1 h6 12. Be3 Nf6 13. f4 Ng4 14. Bc1
exf4 15. Bxf4 O-O 16. Na4 b5 17. Nb6 Ra7 18. Be2 Nf6 19. Bd6 Re8 20. Bxe7 Rc7
21. Bxf6 gxf6 22. Nd5 Rc6 0-1

[Event "Challenge"]
[Site "http://www.queenalice.com/game.php?id=545726"]
[Date "2009.2.24"]
[Round "-"]
[White "chuckvondra"]
[Black "svf"]
[Result "0-1"]
[WhiteElo "2063"]
[BlackElo "2034"]

1. e4 e5 2. Nf3 Nc6 3. Bb5 a6 4. Ba4 Nf6 5. O-O Be7 6. Re1 b5 7. Bb3 d6 8. h3
O-O 9. c3 Bb7 10. d3 Na5 11. Bc2 c5 12. Bg5 Nd7 13. Bxe7 Qxe7 14. Nbd2 Nf6 15.
Nf1 Nh5 16. Ne3 Nf4 17. Nf5 Qf6 18. Kh2 d5 19. g3 dxe4 20. dxe4 Rad8 21. Qc1 Nd3
22. Bxd3 Rxd3 23. Re3 Bxe4 24. Rxd3 Qxf5 25. Rd6 Qxf3 26. Qf1 Nc4 27. Rad1 Nxb2
0-1